5HLuxD.jpg

KING HENRY VIII SENIOR AND PRIMARY SCHOOL LIBRARY OPAC

The throne of fire / (Record no. 3970)

000 -LEADER
fixed length control field 01539cam a2200409 4500
001 - CONTROL NUMBER
control field 151263
003 - CONTROL NUMBER IDENTIFIER
control field JUST
005 - DATE AND TIME OF LATEST TRANSACTION
control field 20241127094437.0
008 - FIXED-LENGTH DATA ELEMENTS--GENERAL INFORMATION
fixed length control field 120815r20122011nyua c 000 1 eng d
010 ## - LIBRARY OF CONGRESS CONTROL NUMBER
Canceled/invalid LC control number 2012359448
020 ## - INTERNATIONAL STANDARD BOOK NUMBER
International Standard Book Number 9781423142010
Qualifying information (pbk.)
035 ## - SYSTEM CONTROL NUMBER
System control number (OCoLC)807995164
Canceled/invalid control number (OCoLC)757484345
040 ## - CATALOGING SOURCE
Original cataloging agency CGP
Transcribing agency CGP
Description conventions aacr
Modifying agency OCLCO
-- CGB
-- YDXCP
-- OCLCA
-- BTCTA
-- BDX
-- OCLCF
-- KH8
042 ## - AUTHENTICATION CODE
Authentication code nbic
043 ## - GEOGRAPHIC AREA CODE
Geographic area code f-ua---
082 0# - DEWEY DECIMAL CLASSIFICATION NUMBER
Classification number 813.6 RIO
100 1# - MAIN ENTRY--PERSONAL NAME
Personal name Riordan, Rick.
Relator term Author
245 14 - TITLE STATEMENT
Title The throne of fire /
Statement of responsibility, etc. Rick Riordan.
250 ## - EDITION STATEMENT
Edition statement 1st Disney/Hyperion U.S. pbk. ed.
260 ## - PUBLICATION, DISTRIBUTION, ETC.
Place of publication, distribution, etc. New York :
Name of publisher, distributor, etc. Disney/Hyperion Books,
Date of publication, distribution, etc. 2012, c2011.
300 ## - PHYSICAL DESCRIPTION
Extent 452 p. :
Other physical details ill. ;
Dimensions 20 cm.
490 1# - SERIES STATEMENT
Series statement The Kane chronicles ;
Volume/sequential designation bk. 2.
520 ## - SUMMARY, ETC.
Summary, etc. Carter and Sadie, offspring of the brilliant Egyptologist Dr. Julius Kane, embark on a worldwide search for the Book of Ra, but the House of Life and the gods of chaos are determined to stop them.
650 #0 - SUBJECT ADDED ENTRY--TOPICAL TERM
Topical term or geographic name entry element Adventure stories.
650 #0 - SUBJECT ADDED ENTRY--TOPICAL TERM
Topical term or geographic name entry element Brothers and sisters
Form subdivision Juvenile fiction.
650 #0 - SUBJECT ADDED ENTRY--TOPICAL TERM
Topical term or geographic name entry element Magic
Form subdivision Juvenile fiction.
650 #0 - SUBJECT ADDED ENTRY--TOPICAL TERM
Topical term or geographic name entry element Mythology, Egyptian
Form subdivision Juvenile fiction.
650 #0 - SUBJECT ADDED ENTRY--TOPICAL TERM
Topical term or geographic name entry element Voyages and travels
Form subdivision Juvenile fiction.
650 #1 - SUBJECT ADDED ENTRY--TOPICAL TERM
Topical term or geographic name entry element Adventure and adventurers
Form subdivision Fiction.
650 #1 - SUBJECT ADDED ENTRY--TOPICAL TERM
Topical term or geographic name entry element Brothers and sisters
Form subdivision Fiction.
650 #1 - SUBJECT ADDED ENTRY--TOPICAL TERM
Topical term or geographic name entry element Magic
Form subdivision Fiction.
650 #1 - SUBJECT ADDED ENTRY--TOPICAL TERM
Topical term or geographic name entry element Mythology, Egyptian
Form subdivision Fiction.
650 #1 - SUBJECT ADDED ENTRY--TOPICAL TERM
Topical term or geographic name entry element Voyages and travels
Form subdivision Fiction.
800 1# - SERIES ADDED ENTRY--PERSONAL NAME
Personal name Riordan, Rick.
Title of a work Kane chronicles ;
Volume/sequential designation bk. 2.
830 #0 - SERIES ADDED ENTRY--UNIFORM TITLE
Uniform title The Kane chronicles ;
Volume/sequential designation bk. 2.
942 ## - ADDED ENTRY ELEMENTS (KOHA)
Source of classification or shelving scheme
Koha item type Books - Fiction
Holdings
Withdrawn status Lost status Source of classification or shelving scheme Damaged status Not for loan Collection code Permanent Location Current Location Shelving location Date acquired Total Checkouts Full call number Barcode Date last seen Date last checked out Price effective from Koha item type
          Fiction KH8 Primary School Library KH8 Primary School Library Fiction 2024-11-27 1 813.6 RIO KHPL000004670 2025-12-05 2025-03-10 2024-11-27 Books - Fiction

Powered By KH8 IT Dept